Report of the committee on the economic impact of defence and disarmament (Record no. 493802)

000 -LEADER
fixed length control field 00320cam a22000977a 4500
008 - FIXED-LENGTH DATA ELEMENTS--GENERAL INFORMATION
fixed length control field 180718b1965 xxu||||| |||| 00| 0 eng d
082 ## - DEWEY DECIMAL CLASSIFICATION NUMBER
Classification number NI04x73 Un3
245 ## - TITLE STATEMENT
Title Report of the committee on the economic impact of defence and disarmament
260 ## - PUBLICATION, DISTRIBUTION, ETC.
Place of publication, distribution, etc. Washington, D.C.
Name of publisher, distributor, etc. U.S. government printing office
Date of publication, distribution, etc. 1965
300 ## - PHYSICAL DESCRIPTION
Extent 92p.
Holdings
Withdrawn status Lost status Damaged status Not for loan Permanent Location Current Location Date acquired Full call number Barcode Date last seen Price effective from Koha item type
        Indian Institute of Public Administration Indian Institute of Public Administration 2018-08-04 NI04x73 Un3 G7531 2018-08-04 2018-08-04 G

Powered by Koha